Wisła Kraków 2022/2023 - Statystyki

Ogólne statystyki
  • Ten quiz został rozwiązany 308 razy
  • Średni wynik to 15 z 34
Statystyki odpowiedzi
Piłkarz % Poprawnych
Środkowy napastnik Angel Rodado
94%
Bramkarz Kamil Broda
84%
Ofensywny pomocnik Luis Fernández
78%
Bramkarz Mikołaj Biegański
78%
Środkowy obrońca Joseph Colley
70%
Środkowy obrońca Igor Łasicki
69%
Środkowy obrońca Alan Uryga
68%
Prawy obrońca Dawid Szot
67%
Defensywny pomocnik Kacper Duda
66%
Prawy obrońca Bartosz Jaroch
63%
Prawy napastnik Miki Villar
60%
Lewy obrońca David Junca
56%
Lewy napastnik Álex Mula
49%
Defensywny pomocnik Vullnet Basha
47%
Środkowy obrońca Boris Moltenis
46%
Prawy napastnik Jakub Błaszczykowski
45%
Środkowy napastnik Michał Żyro
45%
Lewy napastnik Mateusz Mlynski
43%
Defensywny pomocnik James Igbekeme
41%
Środkowy obrońca Jakub Krzyżanowski
37%
Lewy napastnik Piotr Starzyński
34%
Defensywny pomocnik Tachi
33%
Defensywny pomocnik Igor Sapala
30%
Środkowy napastnik Zdenek Ondrasek
29%
Bramkarz Dorian Frątczak
26%
Prawy obrońca Konrad Gruszkowski
25%
Środkowy napastnik Sergio Benito
25%
Prawy napastnik Momo Cisse
23%
Defensywny pomocnik Patryk Plewka
20%
Prawy napastnik Bartosz Talar
18%
Defensywny pomocnik Wiktor Szywacz
18%
Środkowy obrońca Kacper Skrobański
15%
Lewy obrońca Jakub Niewiadomski
14%
Środkowy napastnik Marcin Bartoń
14%
Nie znaleziono quizów pasujących do podanych kryteriów
Rozkład punktacji
Procent ludzi z każdym wynikiem
Percentyl według liczby udzielonych odpowiedzi
Twoja historia wyników
Nie rozwiązałeś tego quizu